000 00458nam a22001337a 4500
008 090712t xxu||||| |||| 00| 0 eng d
082 0 4 _a258.8
_bو ج ي
_222
100 _97965
_aوجيه كوثراني
245 1 0 _aبين فقه الإصلاح الشيعي وولاية الفقيه
_bالدولة و المواطن
_cوجية كوثراني
300 _a186ص
_c20سم
650 _97966
_aفقه الشيعة
_2BUEsh
651 _2BUEsh
942 _2ddc
_cBB
999 _c12329
_d12329